000 00599nai a2200181Ia 4500
003 IN-BaIIA
008 211028c9999 xx s 000 0 eng d
022 _a0175-7571 (Print)
022 _a1432-1017 (Online)
040 _cIIA Library
245 0 _aBiophysics journal
_h[eJournal]
260 _aBasel, Switzerland
_bSpringer International Publishing
310 _aSemi-Quarterly
362 _a1(1); 2007 - 42(2); 2018
521 _bSubscribed through National Knowledge Resource Consortium (NKRC)
856 _uhttps://www.springer.com/journal/249
_yClick Here to Access eJournal
942 _cEJ
999 _c34107
_d34107